| 000 | 00720nam a22002177a 4500 | ||
|---|---|---|---|
| 003 | 0 | ||
| 005 | 20250809142809.0 | ||
| 008 | 250809b xxu||||| |||| 00| 0 eng d | ||
| 020 | _a978-1-284-25924-7 | ||
| 050 |
_aRT 85 _b.B88 2023 |
||
| 100 |
_aButts, Janie, _eauthor. |
||
| 245 |
_aNursing ethics : _bacross the curriculum and into practice / _cJanie Butts and Karen L. Rich. |
||
| 250 | _a6th ed. | ||
| 260 |
_aBurlington, MA : _bWorld Headquarters, Jones & Barlett Learning, _c2023. |
||
| 300 |
_axvii, 446 pages ; _c23 cm. |
||
| 504 | _aIncludes bibliographical references. | ||
| 650 | _aEthics, Nursing. | ||
| 650 |
_aNurse-Patient Relations _xethics. |
||
| 700 |
_aRich, Karen L., _eauthor. |
||
| 942 |
_2lcc _cBK |
||
| 999 |
_c367493 _d367493 |
||